| 000 | 00906pam a2200277 a 4500 | ||
|---|---|---|---|
| 001 | 4329531 | ||
| 003 | OSt | ||
| 005 | 20170105101213.0 | ||
| 008 | 880803s1989 nyua b 001 0 eng | ||
| 010 | _a 88025973 | ||
| 020 | _a0060436212 | ||
| 040 |
_aDLC _cDLC _dDLC |
||
| 050 | 0 | 0 |
_aHB139 _b.K44 1989 |
| 082 | 0 | 0 |
_a330/.028 _219 |
| 100 | 1 | _aKelejian, Harry H. | |
| 245 | 1 | 0 |
_aIntroduction to econometrics : _bprinciples and applications / _cHarry H. Kelejian, Wallace E. Oates. |
| 250 | _a3rd ed. | ||
| 260 |
_aNew York : _bHarper & Row, _cc1989. |
||
| 300 |
_axix, 367 p. : _bill. ; _c25 cm. |
||
| 504 | _aIncludes bibliographical references and index. | ||
| 650 | 0 | _aEconometrics. | |
| 700 | 1 | _aOates,Wallace E. | |
| 906 |
_a7 _bcbc _corignew _d1 _eocip _f19 _gy-gencatlg |
||
| 942 |
_2ddc _cBK |
||
| 999 |
_c3299 _d3299 |
||